Taking the Long View? Polish and Romanian Agrarianism in Comparison
| Titel: | Taking the Long View? Polish and Romanian Agrarianism in Comparison |
|---|---|
| Verfasser: | |
| In: |
Transforming rural societies, (2011), Seite 183-203 alle Artikel anzeigen |
| Veröffentlicht: | 2011 |
| Format: | Aufsatz |
| Sprache: | Englisch |
X
alg: 39266181
001A $01999:11-11-16
001B $01999:28-04-17 $t15:10:27.000
001D $01999:11-11-16
001U $0utf8
001X $00
002@ $0Aox
003@ $0392661810
007A $0392661810 $aHEB
007T $0Herdc0087176m
010@ $aeng
011@ $a2011
021A $aTaking the Long View? Polish and Romanian Agrarianism in Comparison
028A $aBrett $dDaniel
031A $h183-203 $j2011
037A $adt. Res. 226
039B $aIn $8--Aau--. Transforming rural societies. - Innsbruck {[u.a.] : StudienVerl., 2011. - 227 S.. - ISBN 978-3-7065-4950-9 $x201100000000000817 $9268513104
lok: 39266181 78
exp: 39266181 78 1 #EPN
201B/01 $019-04-17 $t11:27:34.000
201U/01 $0utf8
203@/01 $0788760599
208@/01 $a11-11-16 $be
209A/01 $a/ $f000 $x00
220C/01 $aTitelaufnehmer: pg
220C/01 $aHerkunft: HI Marburg
244Z/01 $2Trx $#Poola $#Lenkija $#Polija $#Polen Land $#Poland $#Lengyelország $#Poľsko $#Polsko $8--Trx--Polska$gkraj $x01 $9391345966
244Z/01 $2Trx $#Rumänien $#Rumunia $#Rumunsko $8--Trx--România $x02 $9391160249
244Z/01 $aGeschichte 1848-1947 $x03
244Z/01 $2Trx $#põllumajandus $#žemės ūkis $#agriculture $#mezögazdaság $#rolnictwo $#poľnohospodárstvo $#zemědělství $8--Trx--Landwirtschaft $x04 $9391356275
244Z/01 $2Trx $#agraarpoliitika $#agrarinė politika $#Agrarian policies $#agrárpolitika $#polityka agrarna $#politika poľnohospodárska $#politika zemědělská $#Landwirtschaftspolitik $8--Trx--Agrarpolitik $x05 $9391362933
244Z/01 $2Trx $#talurahva liikumne $#valstiečių judėjimas $#Peasant movement $#paraszmozgalom $#ruch ludowy $#hnutie roľnícke $#hnutí rolnické $8--Trx--Bauernbewegung $x06 $9391380508
244Z/01 $2Trx $#parteid, Poola $#Lenkijos partijos $#political parties, Polish $#politikai pártok, lengyel $#partie polityczne, polskie $#strany politické, poľské $#strany politické, polské $8--Trx--Parteien, polnische $x07 $9391372483
244Z/01 $2Trx $8--Trx--Einzelbeiträge $x08 $9391384570
245Z/01 $a06.03.04;09.03 $x01
247C/01 $82080>Marburg/Lahn, Herder-Institut, Forschungsbibliothek, Bibliographieportal $9336309341
| LEADER | 00000caa a22000002c 4500 | ||
|---|---|---|---|
| 001 | 392661810 | ||
| 003 | DE-603 | ||
| 005 | 20170428151027.0 | ||
| 007 | tu | ||
| 008 | 161111s2011 xx |||| | u00||u|eng c | ||
| 035 | |a (DE-599)HEB392661810 | ||
| 040 | |a DE-603 |b ger |c DE-603 |d DE-603 | ||
| 041 | |a eng | ||
| 100 | 1 | |a Brett, Daniel | |
| 245 | 0 | 0 | |a Taking the Long View? Polish and Romanian Agrarianism in Comparison |
| 264 | 0 | |c 2011 | |
| 500 | |a dt. Res. 226 | ||
| 773 | 0 | 8 | |i In |t Transforming rural societies |d Innsbruck [u.a.] : StudienVerl., 2011 |h 227 S. |z 9783706549509 |g (2011), Seite 183-203 |w (DE-603)268513104 |
| 924 | 0 | |9 2080 |a (DE-603)788760599 |b DE-2080 |c HES |d d |g / | |


